Responses for show #3307 - Tuesday, January 12, 1999

Contestants

[<< previous game]

Darren Davis, a web developer from Seattle, Washington

Laura Rhodes, a teacher from Chicago, Illinois

Jeremy King, a laundromat night manager from Columbia, South Carolina (whose 1-day cash winnings total $16,600)

[next game >>]

Jeopardy! Round responses

NO. 1 HITS
WWII
THE 3 TENORS
THE 4 SEASONS
THE 5 BOOKS OF MOSES
(Alex: A theme is a-building!)
THE "6"th SENSE
    $100 2
Whitney Houston

Jeremy
    $100 15
France

Jeremy
    $100 29
(buzzer sounds)

Rome

Jeremy
    $100 17
Winter Olympics

Darren
    $100 24
Joseph

Darren
    $100 11
6 of 1

Laura
    $200 8
Duran Duran

Jeremy
    $200 14
The Warsaw Ghetto

Laura
    $200 6
The 3 Sopranos

Laura
    $200 16
(L: What is September?)

December

LauraDarren
    $200 22
Route 66

Laura
    $300 12
Robert Palmer

Laura
    $300 1
"Nuts!"

Laura
    $300 4
"Volare"

Triple Stumper
    $300 18
Primavera

Darren
    $300 3
Numbers

Jeremy
    $300 10
1969

Darren
    $400 13
Phil Collins

Jeremy
    $500 5
(J: I can't think of it, Alex.)

Gen. Bernard Montgomery (of El-Alamein)

Jeremy
    $400 28
Giacomo Puccini

Laura
    $400 19
Summer soldier

Laura
    $400 9
(D: What is Leviticus?)

Deuteronomy

JeremyDarren
    $400 23
The 600

Darren
    $500 21
(with about a minute to go...)

Paula Abdul

Laura
    $500 7
(L: Who is Nimitz?)
(J: Who is Bradley?)
(Alex: Both of you making the same mistake, the clue said this admiral directed JAPAN's naval operations.)

Isoroku Yamamoto

JeremyLaura
Triple Stumper
    $500 27
Lyric

Darren
    $500 20
"The winter of our discontent"

Laura
    $500 25
Ishmael

Jeremy
    $500 26
666

Darren

Scores at the first commercial break (after clue 12):

Jeremy Laura Darren
$0 $400 -$100

Scores at the end of the Jeopardy! Round:

Jeremy Laura Darren
$1,100 $2,400 $2,000

Double Jeopardy! Round responses

METRO MIAMI
BLACK & WHITE CLASSICS
SPELL IT OUT
(Alex: And you have to spell it out!)
COMMUNICATION
RICH FELLAS
IT'S A MYSTERY
    $200 3
Tropic of Cancer

Darren
    $200 6
Charlie Chaplin

Darren
    $200 27
[The end-of-round signal sounds.]
(Alex: Ohhh... saved by the buzzer!)

S-E-X-A-G-E-N-A-R-I-A-N

Laura
    $200 26
(Alex: And guess what, guys, spelling is all that remains!)

Advertising

Triple Stumper
    $200 12
Rupert Murdoch

Laura
    $200 4
Georges Simenon

Triple Stumper
    $400 10
Crabs

Jeremy
    $400 7
Double Indemnity

Laura
    $400 22
(less than a minute to go...)

Medium

Jeremy
    $400 2
John F. Kennedy & Aristotle Onassis

Laura
    $400 5
Groucho Marx

Triple Stumper
    $600 25
hurricanes

Jeremy
    $1,100 1
(Alex: At least he would always leave the light on for you!)

The Bates Motel

Jeremy
    $600 11
(Alex: You want to go back to that category, teacher?)

E-X-T-R-A-T-E-R-R-E-S-T-R-I-A-L

Laura
    $600 21
Vibrate

Laura
    $600 13
Edmund Lynch

Darren
    $600 16
Elmore Leonard

Laura
    $800 18
The Fontainebleau

Laura
    $800 8
Roman Holiday

Darren
    $800 20
(D: What is party?)

Receiver

LauraDarren
    $800 14
(J: What is Burger King?)

McDonald's

JeremyDarren
    $800 17
VI Warshawski

Jeremy
    $1000 19
South Beach

Jeremy
    $1000 9
Wuthering Heights

Laura
    $1000 23
Per (Peroration)

Triple Stumper
    $1000 15
David Rockefeller

Triple Stumper
    $1000 24
James Ellroy

Triple Stumper

Scores at the end of the Double Jeopardy! Round:

Jeremy Laura Darren
$4,600 $8,000 $3,800

[wagering suggestions for these scores]

Final Jeopardy! Round responses

U.S. GOVERNMENT
DarrenWhat is The Supreme Court?
$3,200
JeremyWhat is the U.S. Supreme Court?
$4,600
LauraWhat is the Supreme Court?
$1,201
The Supreme Court

Final scores:

Jeremy Laura Darren
$9,200 $9,201 $7,000
2nd place: Trip to Loew's L'Enfant Plaza Hotel, Washington, D.C. New champion: $9,201 3rd place: Panasonic DVD Player

Game dynamics:

Coryat scores:

Jeremy Laura Darren
$4,600 $8,000 $3,800
14 R
(including 1 DD),
3 W
(including 1 DD)
20 R,
2 W
13 R,
2 W

Combined Coryat: $16,400

The J! Archive is created by fans, for fans. The Jeopardy! game show and all elements thereof, including but not limited to copyright and trademark thereto, are the property of Jeopardy Productions, Inc. and are protected under law. This website is not affiliated with, sponsored by, or operated by Jeopardy Productions, Inc. Join the discussion at JBoard.tv.